A Text Book of Calculas & Analytic Geometry XII (Record no. 292208)

000 -LEADER
fixed length control field 00268 a2200109 4500
001 - CONTROL NUMBER
control field 57135
082 ## - DEWEY DECIMAL CLASSIFICATION NUMBER
Classification number 515 SNA
090 ## - LOCALLY ASSIGNED LC-TYPE CALL NUMBER (OCLC); LOCAL CALL NUMBER (RLIN)
-- 35067
-- 35067
100 ## - MAIN ENTRY--PERSONAL NAME
Personal name Sanaullah
245 ## - TITLE STATEMENT
Title A Text Book of Calculas & Analytic Geometry XII
260 ## - PUBLICATION, DISTRIBUTION, ETC.
Place of publication, distribution, etc. Lahore
Name of publisher, distributor, etc. Punjab Text Book Board
942 ## - ADDED ENTRY ELEMENTS (KOHA)
Institution code [OBSOLETE] NUST-CAE
Call number prefix 515 SNA
Holdings
Withdrawn status Lost status Damaged status Not for loan Collection code Permanent Location Current Location Date acquired Total Checkouts Full call number Barcode Date last seen Price effective from Koha item type
          College of Aeronautical Engineering (CAE) College of Aeronautical Engineering (CAE) 04/03/2017   515 SNA CAE58448 04/05/2017 04/05/2017 Book
© 2023 Central Library, National University of Sciences and Technology. All Rights Reserved.